Physiologic races of Puccinia recondita f. sp. tritici in the United States from 1926 through 1960 (Record no. 12471)
[ view plain ]
| 000 -LEADER | |
|---|---|
| fixed length control field | 00919cam a22002411 4500 |
| 001 - CONTROL NUMBER | |
| control field | agr68000164 |
| 003 - CONTROL NUMBER IDENTIFIER | |
| control field | DLC |
| 005 - DATE AND TIME OF LATEST TRANSACTION | |
| control field | 20260227111030.0 |
| 008 - FIXED-LENGTH DATA ELEMENTS--GENERAL INFORMATION | |
| fixed length control field | 901015s1968 dcu b f000 0 eng c |
| 010 ## - LIBRARY OF CONGRESS CONTROL NUMBER | |
| LC control number | agr68000164 |
| 040 ## - CATALOGING SOURCE | |
| Original cataloging agency | U.S. Nat'l Agr. Library |
| Transcribing agency | DLC |
| Modifying agency | DLC |
| 050 00 - LIBRARY OF CONGRESS CALL NUMBER | |
| Classification number | S21 |
| Item number | .A72 no. 1393 |
| 070 0# - NATIONAL AGRICULTURAL LIBRARY CALL NUMBER | |
| Classification number | Ag84Te no. 1393 |
| 082 00 - DEWEY DECIMAL CLASSIFICATION NUMBER | |
| Classification number | 630/.8 s |
| 245 00 - TITLE STATEMENT | |
| Title | Physiologic races of Puccinia recondita f. sp. tritici in the United States from 1926 through 1960 |
| Statement of responsibility, etc. | [by C. O. Johnston and others. |
| 260 ## - PUBLICATION, DISTRIBUTION, ETC. | |
| Place of publication, distribution, etc. | Washington] |
| Name of publisher, distributor, etc. | Agricultural Research Service, U. S. Dept. of Agriculture |
| Date of publication, distribution, etc. | [1968] |
| 300 ## - PHYSICAL DESCRIPTION | |
| Extent | 18 p. |
| Dimensions | 23 cm. |
| 490 1# - SERIES STATEMENT | |
| Series statement | U.S. Dept. of Agriculture. Technical bulletin; |
| Volume/sequential designation | no. 1393 |
| 504 ## - BIBLIOGRAPHY, ETC. NOTE | |
| Bibliography, etc. note | Bibliography: p. 18. |
| 650 #0 - SUBJECT ADDED ENTRY--TOPICAL TERM | |
| Topical term or geographic name entry element | Puccinia recondita. |
| 700 1# - ADDED ENTRY--PERSONAL NAME | |
| Personal name | Johnston, C. O. |
| Fuller form of name | (Charles Otis), |
| Dates associated with a name | 1893-1965. |
| 830 #0 - SERIES ADDED ENTRY--UNIFORM TITLE | |
| Uniform title | Technical bulletin (United States. Department of Agriculture) ; |
| Volume/sequential designation | no. 1393. |
No items available.